Martínez Málaga (Registro nro. 249)

Detalles MARC
000 -Cabecera
Campo de control interno 00650nam a2200229Ia 4500
005 - Fecha y hora del registro
control field 20251205092156.0
008 - Elementos de Longitud Fija
fixed length control field 251203t2013||||xx |||||||||||||| ||spa||
020 ## - ISBN
ISBN 9786124616457
041 ## - Idioma
Codigo Idioma ESP
082 ## - DEWEY y NOTACIÓN INTERNA
Dewey 759.85
Notación Interna M26
100 ## - AUTOR
Autor denominación Martínez Malaga, Víctor,
Títulos y otras palabras asociadas con el nombre AUT
245 #0 - TÍTULO DE MATERIAL BIBLIOGRÁFICO
Título Martínez Málaga
260 ## - CIUDAD, EDITORIAL, AÑO
Ciudad Arequipa :
Nombre de la Editorial Cuzzi y Cía,
Año 2013
300 ## - DESCRIPCIÓN
N° Páginas 295 páginas :
Otros detalles ilustraciones, fotografías ;
Dimensiones 24 cm.
440 ## - MENCIÓN DE SERIE
Título de la Serie (Biblioteca Arequipa. Arte)
650 ## - TEMAS
Temas Las Artes
653 ## - DESCRIPTORES
Lenguajes no controlado Pintura peruana; Pintores - Perú - Siglo XX
654 ## - PROGRAMAS
Programa Todos los programas
700 ## - OTROS AUTORES
Otros autores Ruiz Rosas, Alonso,
Títulos y otras palabras asociadas con el nombre editor
942 ## - ELEMENTOS DE KOHA
Tipo de documento Libro
Nombre del creador Justo Noguera
Código de catalogador Margarita Torres
Esquema de clasificación Dewey Decimal Classification
Existencias
Codigo completo Registro Colección Copia número Disponibilidad Tipo de préstamo Biblioteca Actual Procedencia (Biblioteca) Ubicacón Fecha Ingreso Tipo de Adquisición Date last seen Total checkouts Price effective from Tipo de Item Estado del Material Fuente de Clasificación Damaged status Withdrawn status
759.85 M26 1085122 Colección Vera Bejar 1   Restringido Víctor Andrés Belaunde Víctor Andrés Belaunde Planta baja cerrada 03/12/2025 Donación 03/12/2025   03/12/2025 Libro Bueno Dewey Decimal Classification   Withdrawn